000
00289nam a2200109Ia 4500
008
200302s9999 xx 000 0 und d
100
_a
Philipp Meuser
245
_a
Construction and Design Manual Accessible Architecture
260
_b
Dom Publishing Co.,
260
_c
2012
300
_a
303 P.,
999
_c
3159
_d
3159